| 000 | 00606nam a2200157 a 4500 | ||
|---|---|---|---|
| 001 | 000028916 | ||
| 005 | 20200930055221.0 | ||
| 008 | 110412s1988 dr 000 0 spa d | ||
| 040 |
_aDO-SdBNP _bspa _cBNPHU |
||
| 082 |
_axxxx _bR337o |
||
| 245 | 0 | 0 | _aReglas oficiales de softbol. |
| 260 |
_aSanto Domingo : _bComité de Reglas del Juego de la Federación Internacional de Softbol , _c1988. |
||
| 300 |
_a72 p. ; _c22 cm. |
||
| 710 | 2 |
_aSecretaría de Estado de Deportes Educación Física y Recreación(SEDEFIR) , Centro de Capacitación Técnica Deportiva , Unidad de Documentación _955874 |
|
| 049 | _aBNPD | ||
| 999 |
_c28408 _d28408 |
||